000 00838nmm a2200265 a 4500
001 ocm000656125
003 TR-IsHL
005 20201028140504.0
008 131219s2008 tu tur
007 cr cn
020 _a9789759129156
035 _a656125
_b(N$T)
050 0 4 _aRZ403.R45
_bM87 2008
090 0 4 _aRZ403.R45
_bM87 2008
100 1 _aMusal, Nazmi
245 1 0 _aReiki: 1. derece için
_h[electronic resource] /
_cNazmi Musal
260 _aİstanbul :
_bAkis Kitap,
_c2008
300 _a320 p.
650 4 _aTıp
650 4 _aMedicine
650 0 _aReiki (İyileştirme sistemi)
650 0 _aReiki (Healing system)
650 7 _aBODY, MIND & SPIRIT / Healing / Energy (Qigong, Reiki, Polarity)
_2bisacsh
856 4 0 _uhttp://search.ebscohost.com/login.aspx?direct=true&scope=site&db=e011xww&AN=656125
999 _c7314
_d7314